Music Quiz

Random Music or Song Quiz

Elton John US Top 40 Hits Quiz Stats

 Plays Quiz not verified by Sporcle

Also try: Opera Composers
Challenge
Share
Tweet
Embed
Score 0/58 Timer 10:00
0 Plays Today
Year Song Title % Correct
1970Your Song
90.3%
1997Candle In The Wind 1997
90.3%
1987Candle In The Wind (Live)
89.9%
1972Crocodile Rock
84.7%
1973Daniel
83.1%
1972Rocket Man
82.3%
1973Goodbye Yellow Brick Road
81.9%
1974Bennie And The Jets
72.2%
1974Don't Let The Sun Go Down On Me
71%
1991Don't Let The Sun Go Down On Me (Live)
70.6%
1975Philadelphia Freedom
70.2%
1976Don't Go Breaking My Heart
68.5%
1973Saturday Night's Alright For Fighting
67.3%
1994Can You Feel The Love Tonight
66.5%
1983I'm Still Standing
64.1%
1994Circle Of Life
63.7%
1971Levon
62.9%
1974The Bitch Is Back
60.1%
1983I Guess That's Why They Call It The Blues
60.1%
1986Nikita
59.7%
1972Honky Cat
56.9%
1975Someone Saved My Life Tonight
56.9%
1975Island Girl
56.9%
1976Sorry Seems To Be The Hardest Word
52.4%
1984Sad Songs (Say So Much)
51.6%
1974Lucy In The Sky With Diamonds
48.8%
1980Little Jeannie
47.6%
1982Empty Garden (Hey Hey Johnny)
45.6%
1990Sacrifice
44%
Year Song Title % Correct
1992The One
43.5%
1982Blue Eyes
43.1%
1971Friends
35.5%
1988I Don't Wanna Go On With You Like That
33.1%
1983Kiss The Bride
32.3%
1985That's What Friends Are For
32.3%
1979Mama Can't Buy You Love
29.4%
1976I Feel Like A Bullet (In The Gun Of Robert Ford)
29%
1976Grow Some Funk Of Your Own
28.6%
1995Believe
28.2%
1990Club At The End Of The Street
27.8%
1978Ego
25.8%
1985Wrap Her Up
25.4%
1995Blessed
24.2%
1984Who Wears These Shoes?
23%
1989Healing Hands
22.6%
1988A Word In Spanish
21.8%
1979Victim Of Love
21.4%
1992The Last Song
21.4%
1999Written In The Stars
21.4%
1978Part-Time Love
20.6%
1980(Sartorial Eloquence) Don't Ya Wanna Play This Game No More?
19.4%
1977Bite Your Lip (Get Up And Dance)
18.5%
1985In Neon
17.3%
1993Simple Life
16.9%
1981Chloe
15.3%
1981Nobody Wins
14.9%
1987Flames Of Paradise
9.3%
1989Through The Storm
8.5%

You're not logged in!

Compare scores with friends on all Sporcle quizzes.
OR
Log In

You Might Also Like...

Show Comments

Extras

Created Sep 24, 2009ReportNominate
Tags:Song Quiz, elton, Elton John, hit, john, peak, Top 40

Top Quizzes Today


Score Distribution

Your Account Isn't Verified!

In order to create a playlist on Sporcle, you need to verify the email address you used during registration. Go to your Sporcle Settings to finish the process.

Report this User

Report this user for behavior that violates our Community Guidelines.

Details: